书目信息 |
| 题名: |
商业物价参考资料
|
|
| 作者: | 童宛生 , 李庭坚 编 | |
| 分册: | ||
| 出版信息: | 北京 中央广播电视大学出版社 1984 |
|
| 页数: | 572页 | |
| 开本: | 19cm | |
| 丛书名: | ||
| 单 册: | ||
| 中图分类: | F714.1 | |
| 科图分类: | ||
| 主题词: | 商品价格--电视大学--学习参考资料 | |
| 电子资源: | ||
| ISBN: | 4300.47 | |
| 000 | 00718nam0 2200241 450 | |
| 001 | 0184013346 | |
| 005 | 20100712220930.0 | |
| 010 | @a4300.47@dCNY1.65 | |
| 091 | @a4300.47 | |
| 100 | @a19950607d1984 em y0chiy0110 ea | |
| 101 | 0 | @achi |
| 102 | @aCN@b110000 | |
| 105 | @ay z 000yy | |
| 106 | @ar | |
| 200 | 1 | @a商业物价参考资料@9Shang Ye Wu Jia;Jie Can;Cen;Shen Kao Zi Liao @f童宛生, 李庭坚编 |
| 210 | @a北京@c中央广播电视大学出版社@d1984 | |
| 215 | @a572页@d19cm | |
| 606 | 0 | @a商品价格@x电视大学@x学习参考资料 |
| 690 | @aF714.1@v3 | |
| 701 | 0 | @a童宛生@9tong wan sheng@c(女,@f1938~)@4编 |
| 701 | 0 | @a李庭坚@9li ting jian@4编 |
| 801 | 0 | @aCN@bAzMarc@c20130904 |
| 905 | @aBZT@dF714.1@e209@f1@sF714.1/209 | |
| 商业物价参考资料/童宛生, 李庭坚编.-北京:中央广播电视大学出版社,1984 |
| 572页;19cm |
| ISBN 4300.47:CNY1.65 |
| ● |
| 相关链接 |
|
|
|
正题名:商业物价参考资料
索取号:F714.1/209
 
预约/预借
| 序号 | 登录号 | 条形码 | 馆藏地/架位号 | 状态 | 备注 |
| 1 | 2000107891 | 2000107891 | 旧书回溯/ [索取号:F714.1/209] | 在馆 |